The speech of Henry Brougham, esq., M.P., in the House of Commons : on Tuesday, the 16th of June, 1812, upon the present state of commerce and manufactures, from a report taken in short hand.

Bibliographic Details
Main Author: Brougham and Vaux, Henry Brougham, Baron, 1778-1868
Format: Microform Book
Language:English
Subjects:

MARC

Tag First Indicator Second Indicator Subfields
LEADER 00000cam a2200000 a 4500
001 in00000495607
005 20151013070210.0
007 he bm----b---
008 751212r19741812kyu b 00010 eng
035 |a (OCoLC)01894777 
035 |9 ACE0108AM 
040 |a DLC  |c RRR  |d RRR  |d TXA  |d UtOrBLW 
049 |a TXAI 
099 |a fiche  |a C  |a 4738 
100 1 |a Brougham and Vaux, Henry Brougham,  |c Baron,  |d 1778-1868. 
245 1 4 |a The speech of Henry Brougham, esq., M.P., in the House of Commons :  |b on Tuesday, the 16th of June, 1812, upon the present state of commerce and manufactures, from a report taken in short hand. 
264 3 |a London :  |b Printed for Longman, Hurst, Rees, Orme, and Brown [etc.],  |c 1812. 
300 |a 59 pages ;  |c 22 1/2 cm. 
336 |a text  |b txt  |2 rdacontent 
337 |a microform  |b h  |2 rdamedia 
338 |a microfiche  |b he  |2 rdacarrier 
500 |a "Sabin : 8417." 
500 |a "Copied from the original in the Library of Congress." 
533 |a Microfiche.  |b Louisville, Ky. :  |c Lost Cause Press,  |d 1974.  |e 2 microfiches : negative ; 11 x 15 cm.  |f ([Bibliotheca Americana. Selected Americana. Microfiche ed. / J. Sabin]) (Fiche book) 
500 |a Microform. 
650 0 |a Orders in council. 
999 |a MARS 
999 f f |s 4e53948f-e33d-3212-8ed2-fe54e873e7f0  |i 9bd9955f-b03c-3d5f-8a28-04683399bb39  |t 0 
952 f f |p normal  |a Texas A&M University  |b College Station  |c Sterling C. Evans Library  |d Evans: Microforms (3rd floor)  |t 0  |e fiche C 4738  |h Other scheme  |i microform -- microfiche  |m A14821455615 
998 f f |a fiche C 4738  |t 0  |l Evans: Microforms (3rd floor)